Neural and automata networks : Dynamical behavior and applications /

Salvato in:
Dettagli Bibliografici
Autori principali: Goles, Eric (Autore), Martínez, Servet (Autore)
Natura: Libro
Lingua:inglese
Pubblicazione: Dordrecht : Kluwer Academic Publishers, 1990
Edizione:1.vyd.
Soggetti:
Tags: Aggiungi Tag
Nessun Tag, puoi essere il primo ad aggiungerne!!

MARC

LEADER 00000nam a22000003a 4500
001 stu7731
005 20150617225805.7
008 950426s1990----ne------------------eng-d
020 |a 0-7923-0632-5 
040 |a STU  |b slo 
041 0 |a eng 
044 |a ne 
080 |a 519.713 
080 |a 517.977 
080 |a 681.324.014 
100 1 |a Goles, Eric  |4 aut 
245 1 |a Neural and automata networks :  |b Dynamical behavior and applications /  |c [aut.] Goles,Eric; Martínez,Servet 
250 |a 1.vyd. 
260 |a Dordrecht :  |b Kluwer Academic Publishers,  |c 1990 
300 |a 250 s 
650 7 |a automaty  |2 stusub 
650 7 |a dynamické systémy  |2 stusub 
650 7 |a neurálne siete  |2 stusub 
650 7 |a počítačové siete  |2 stusub 
650 7 |a matematická kybernetika  |2 stusub 
700 1 |a Martínez, Servet  |4 aut 
996 |b E79842  |c E*79842  |l EE03  |s P  |a 0  |w stu7731_0001